1495 1420 1796 1459 1921 1870 1759 1359 1035 1754 1042 1563 1450 1321 1303 1849 1025 1742 1721 1235 1213 1115 1973 1067 1996 1980 1956 1207 1659 1647 1777 1760 1764 1623 1703 1126 1963 1888 1716 1944 1776 1748 1465 1135 1484 1085 1277 1062 1347 1526 1543 1967 1894 1441 1809 1320 1308 1315 1023 1898 1232 1767 1829 1551 1514 1226 1731 1563 1047 1233 1388 1441 1622 1470 1206 1151 1350 1949 1746 1354 1577 1317 1775 1932 1884 1678 1719 1969 1875 1985 1806 1519 1053 1333 1967 1059 1269 1851 1256 BCNSPRNW ULIB Ver.6.0+V

เปลี่ยนเป็นภาษาไทย

Change to English
 แสดงรายละเอียดบรรณานุกรม
  กลับหน้าหลัก

Brief Record : Get Marc (ISO 2709) : E-mail record : QR code < ปิดหน้าต่าง
LEADER : 00000nam 2200000uu 4500
001    13399122902
003     ULIB
008    131028s2013||||th 000 0 eng d
020    ^a9780763799939
060 04 ^aWY161^bN974
245 00 ^aNursing care of the pediatric surgical patient /^ceditors,Nancy Tkacz Browne ... [et al.] ; associate editor, Jeannette A. Zerpa.
250    ^a3rd ed.
260    ^aBurlington, Mass. :^bJones & Bartlett Learning,^c2013.
300    ^axxiii, 549 p. :^bill. ;^c28 cm.
504    ^aIncludes bibliographical references and index.
650  0 ^aChildren^xSurgery^xNursing
650  2 ^aPediatric Nursing
650  2 ^aPerioperative Nursing
650  2 ^aChild
650  2 ^aInfant
700 1  ^aBrowne, Nancy Tkacz,^eed.
700 1  ^aZerpa, Jeannette a.,^eed.
945    ^p150^l0^i034120
999    ^aเกษร โพธิ์สุวรรณ
รายการนี้ยังไม่มีแท็ก
คุณยังไม่ได้ล็อกอิน คุณสามารถมีกิจกรรมร่วมกับเว็บไซต์ได้ แต่ต้องล็อกอินก่อน ::
  ล็อกอิน

รายการสื่อสารสนเทศ

ลำดับที่ ประเภท เลขเรียก/บาร์โค้ด สถานที่ สถานะ
1. Book การพยาบาล
Book การพยาบาล
WY161 N974  
  Barcode: 034120
ห้องสมุดวิทยาเขตสวรรค์ประชารักษ์
►หนังสือทั่วไป
บนชั้น

รายการใกล้เคียง
    หัวเรื่อง [Pediatric Nursing]
    หัวเรื่อง [Perioperative Nursing]
    หัวเรื่อง [Child]
    หัวเรื่อง [Infant]

BibComment


ยังไม่เคยถูกคอมเมนท์

คอมเมนท์ทรัพยากรรายการนี้
  คอมเมนท์: Nursing care of ..


 Copyright 2026. Bcnsprnw @Library